00462nam a2200193Ia 4500008004000000041000800040082001100048100002200059245006100081260004100142650001100183650001000194650001300204650001000217650000700227650001300234650000800247650001300255210210b1950 xxu||||| |||| 00| 0 eng d aeng a514/60 aKINDLE (Joseph H) aTheory and problems of plane and solid analytic geometry aNew YorkbSchaum Publishing Coc1950 aTheory asolid aproblems aplane aof ageometry aand aanalytic